000 01230cam a2200349 i 4500
999 _c3124
_d3124
001 19647965
003 GZU
005 20210611111437.0
008 170516s2017 enka b 001 0 eng
010 _a 2017013917
020 _a9781138711235 (hardback)
020 _z9781315200460 (ebook)
040 _aDLC
_beng
_cDLC
_erda
_dDLC
042 _apcc
050 0 0 _aK7128
_bU525 2017
082 0 0 _a342.08/3
_223
245 0 0 _aUnderstanding statelessness /
_cedited by Tendayi Bloom, Katherine Tonkiss and Phillip Cole.
264 1 _aAbingdon, Oxon ;
_aNew York, NY :
_bRoutledge,
_c2017.
300 _axxii, 275 pages :
_billustrations ;
_c24 cm.
336 _atext
_btxt
_2rdacontent
337 _aunmediated
_bn
_2rdamedia
338 _avolume
_bnc
_2rdacarrier
490 0 _aRoutledge studies in human rights ;
_v4
504 _aIncludes bibliographical references and index.
650 0 _aStatelessness
700 1 _aBloom, Tendayi,
_eeditor.
700 1 _aTonkiss, Katherine,
_d1983-,
_eeditor.
700 1 _aCole, Phillip,
_eeditor.
906 _a7
_bcbc
_corignew
_d1
_eecip
_f20
_gy-gencatlg
942 _2lcc
_cBK
_h7128
_iUND
_kK
_m2017